LEADER 01208nam0 2200337 i 450 001 TO00323835 005 20231121125836.0 010 $a8811102138 020 $aIT$b95-3922 100 $a20190311d1994 ||||0itac50 ba 101 | $ager$aita 102 $ait 181 1$6z01$ai $bxxxe 182 1$6z01$an 200 1 $aDizionario Garzanti di tedesco$etedesco-italiano, italiano-tedesco 210 $aMilano$cGarzanti$d1994 215 $a1572 p., \32! c. di tav.$cill.$d20 cm. 225 | $aDizionari Garzanti 312 $aTit. in cop: Tedesco.$9LO10349532 410 0$1001TO00323845$12001 $aDizionari Garzanti 517 1 $aTedesco.$9LO10349532 606 $aLingua tedesca$xDizionari$2FIR$3RMLC089517$9E 676 $a433.51$9LINGUA TEDESCA. DIZIONARI BILINGUI (ITALIANO).$v22 801 3$aIT$bIT-01$c20190311 850 $aIT-FR0017 899 $aBiblioteca umanistica Giorgio Aprea$bFR0017 912 $aTO00323835 950 0$aBiblioteca umanistica Giorgio Aprea$d 52DCB deD.Diz.$e 52DUP0009021445 VMB RS $fA $h20190311$i20190311 977 $a 52 996 $aDIZIONARIO Garzanti di tedesco$9477019 997 $aUNICAS LEADER 03306nam 2200673Ia 450 001 9910962450103321 005 20200520144314.0 010 $a9780791486993 010 $a0791486990 010 $a9781417500864 010 $a1417500867 035 $a(CKB)111087027856384 035 $a(OCoLC)61367708 035 $a(CaPaEBR)ebrary10594732 035 $a(SSID)ssj0000161251 035 $a(PQKBManifestationID)11159439 035 $a(PQKBTitleCode)TC0000161251 035 $a(PQKBWorkID)10197563 035 $a(PQKB)10392949 035 $a(OCoLC)54770812 035 $a(MdBmJHUP)muse5995 035 $a(Au-PeEL)EBL3408405 035 $a(CaPaEBR)ebr10594732 035 $a(DE-B1597)684452 035 $a(DE-B1597)9780791486993 035 $a(MiAaPQ)EBC3408405 035 $a(Perlego)2674033 035 $a(EXLCZ)99111087027856384 100 $a20021107d2003 uy 0 101 0 $aeng 135 $aurcn||||||||| 181 $ctxt 182 $cc 183 $acr 200 00$aGendered futures in higher education $ecritical perspectives for change /$fBecky Ropers-Huilman, editor 205 $a1st ed. 210 $aAlbany $cState University of New York Press$dc2003 215 $a1 online resource (217 p.) 300 $aBibliographic Level Mode of Issuance: Monograph 311 08$a9780791456989 311 08$a0791456986 311 08$a9780791456972 311 08$a0791456978 320 $aIncludes bibliographical references and index. 327 $tFront Matter -- $tContents -- $tAcknowledgments -- $tGender in the Future of Higher Education -- $tLearning from the Past -- $tFrom Whence They Came -- $tGender and Higher Education -- $tDeconstructing the Present -- $tStepping off the Scale -- $tThe Gender of Violence on Campus -- $tDeconstructing the Present -- $tWomen Faculty and Part-Time Employment -- $tFuture Prospects for Women Faculty -- $tNegotiating Identities and Making Change -- $tRe-Conceiving the Future -- $tAdvocacy Education -- $tGender, Race, and Millennial Curiosity -- $tContributors -- $tIndex 330 $aThis volume addresses the ways in which gender takes shape in and is shaped by higher education environments. Focusing on historical knowledge and contemporary experience, the contributors identify several key gender issues affecting students, faculty, and leaders in higher education. They examine such diverse topics as what lessons women's colleges have to offer, violence on campus, women faculty and part-time employment, and intersecting identities of race and gender, and they apply critical perspectives to suggest needed change. While they may not agree on the necessary strategies to improve higher education environments, they do agree that those environments are currently deeply and problematically gendered. 606 $aSex discrimination in higher education$zUnited States 606 $aWomen in higher education$zUnited States 615 0$aSex discrimination in higher education 615 0$aWomen in higher education 676 $a378/.0082 701 $aRopers-Huilman$b Becky$01811336 801 0$bMiAaPQ 801 1$bMiAaPQ 801 2$bMiAaPQ 906 $aBOOK 912 $a9910962450103321 996 $aGendered futures in higher education$94363145 997 $aUNINA LEADER 03478nam 22006495 450 001 9911018651603321 005 20250729130340.0 010 $a9789819679492 024 7 $a10.1007/978-981-96-7949-2 035 $a(CKB)39766931300041 035 $a(MiAaPQ)EBC32249800 035 $a(Au-PeEL)EBL32249800 035 $a(DE-He213)978-981-96-7949-2 035 $a(EXLCZ)9939766931300041 100 $a20250729d2025 u| 0 101 0 $aeng 135 $aur||||||||||| 181 $ctxt$2rdacontent 182 $cc$2rdamedia 183 $acr$2rdacarrier 200 10$aPractical Bioinformatics $eA Laboratory Manual /$fby Sufang Wang, Michael Gribskov 205 $a1st ed. 2025. 210 1$aSingapore :$cSpringer Nature Singapore :$cImprint: Springer,$d2025. 215 $a1 online resource (143 pages) 311 08$a9789819679485 327 $aChapter 1. Introduction to Bioinformatics -- Chapter 2. Introduction to Antibiotic Resistance -- Chapter 3. Introduction to Evolution and Homology -- Chapter 4. Preparing your sequences -- Chapter 5. Investigating sequence comparison statistics -- Chapter 6. Finding homologous sequences using Blast -- Chapter 7. Finding homologous sequences using UniProt -- Chapter 8. Multiple Sequence Alignment -- Chapter 9. Identifying conserved sequence motifs -- Chapter 10. Building a phylogenetic tree -- Chapter 11. Gene expression analysis in RNA-seq -- Chapter 12. Machine learning methods in RNA-seq. 330 $aThis book is a lab manual which can be integrated with bioinformatics course. The field of bioinformatics is advancing at a remarkable rate. With the development of new analytical techniques that make use of the latest advances in machine learning and data science, today?s biologists are gaining fantastic new insights into the natural world?s most complex systems. This book includes a lab-based manual that can assist students handling large biological data. It aims to help students and researchers understand (1) the importance of horizontal transfer in the spread of antibiotic resistance, and in biology more broadly; (2) how protein and nucleic acid sequences are used to determine phylogenetic trees and the genetic relationship between organisms; (3) how sequence comparisons can be used to infer protein function; and (4) how to analyze high-throughput sequencing data to do gene expression analysis. This book is valuable for researchers, teachers and students, as well as any readers who are interested in bioinformatics. 606 $aGenetics$xResearch 606 $aBiology$xTechnique 606 $aGenetics 606 $aMolecular biology 606 $aBiotechnology 606 $aGenetics Research 606 $aBiological Techniques 606 $aGenetics and Genomics 606 $aMolecular Biology 606 $aBiotechnology 615 0$aGenetics$xResearch. 615 0$aBiology$xTechnique. 615 0$aGenetics. 615 0$aMolecular biology. 615 0$aBiotechnology. 615 14$aGenetics Research. 615 24$aBiological Techniques. 615 24$aGenetics and Genomics. 615 24$aMolecular Biology. 615 24$aBiotechnology. 676 $a616.042072 700 $aWang$b Sufang$01836905 701 $aGribskov$b Michael$01836906 801 0$bMiAaPQ 801 1$bMiAaPQ 801 2$bMiAaPQ 906 $aBOOK 912 $a9911018651603321 996 $aPractical Bioinformatics$94415140 997 $aUNINA